000 00431nam a2200157Ia 4500
008 160316s1979 xxu||||| |||| 00| 0 eng d
082 _a306.300000
_bDAN-2
100 _aDange S A
245 _aIndia from primitive communism to slavery : A marxist study of ancient history in outline
250 _a6th
260 _aDelhi
_bPoeples publishing House
_c1979
300 _a188p
_b
_cxxv
365 _b
650 _a
700 _a
_a
999 _c18133
_d18133